ბათუმის შოთა რუსთაველის სახელმწიფო უნივერსიტეტის ბიბლიოთეკა

Теория нелинейных электрических цепей. (ბიბ.ჩანაწერი № 40379)

000 -LEADER
fixed length control field 00622nam a2200205Ia 4500
001 - CONTROL NUMBER
control field 6987
003 - CONTROL NUMBER IDENTIFIER
control field GE_BSU
008 - FIXED-LENGTH DATA ELEMENTS--GENERAL INFORMATION
fixed length control field 181216s||||||||xx |||||||||||||| ||und||
040 ## - CATALOGING SOURCE
Transcribing agency GE_BSU
080 ## - UNIVERSAL DECIMAL CLASSIFICATION NUMBER
Universal Decimal Classification number 621.372
100 ## - MAIN ENTRY--PERSONAL NAME
Personal name Андреев,В.С.
245 ## - TITLE STATEMENT
Title Теория нелинейных электрических цепей.
245 ## - TITLE STATEMENT
Statement of responsibility, etc. Ред. Г.Ш.Погорельская, Т.Б.Котырева.
260 ## - PUBLICATION, DISTRIBUTION, ETC.
Place of publication, distribution, etc. М.
260 ## - PUBLICATION, DISTRIBUTION, ETC.
Name of publisher, distributor, etc. Связь.
260 ## - PUBLICATION, DISTRIBUTION, ETC.
Date of publication, distribution, etc. 1972.
300 ## - PHYSICAL DESCRIPTION
Extent 328стр. с илл. 21см.
653 ## - INDEX TERM--UNCONTROLLED
Uncontrolled term Теория нелинейных электрических цепей.
942 ## - ADDED ENTRY ELEMENTS (KOHA)
Koha item type წიგნი
ეგზემპლარები
Withdrawn status Lost status Damaged status Not for loan Date acquired Barcode Date last seen Price effective from Koha item type
        2018-12-17 10116 2018-12-17 2018-12-17 წიგნი